| 000 | 01202cam a2200349 a 4500 | ||
|---|---|---|---|
| 001 | 4479539 | ||
| 003 | ARRUPE | ||
| 005 | 20131111120425.0 | ||
| 008 | 921222s1992 mnu b 001 0 eng | ||
| 010 | _a92020578 | ||
| 020 | _a080062646X (alk. paper) : | ||
| 035 | _a(OCoLC)26094336 | ||
| 035 | _a(OCoLC)ocm26094336 | ||
| 035 | _a(NNC)4479539 | ||
| 040 |
_aDLC _cDLC _dDLC _dNNUT |
||
| 050 | 0 | 0 |
_aBS2545.P66 _bW56 1984 |
| 090 |
_aBS2545.P66 _bW56 1984 |
||
| 100 | 1 |
_aWink, Walter. _93517 |
|
| 245 | 1 | 0 |
_aEngaging the powers : _bdiscernment and resistance in a world of domination / _cWalter Wink. |
| 260 |
_aMinneapolis : _bFortress Press, _cc1992. |
||
| 300 |
_axvi, 424 p. ; _c23 cm. |
||
| 490 | 1 |
_aThe Powers ; _vv. 3 |
|
| 504 | _aIncludes bibliographical references and indexes. | ||
| 630 | 0 | 0 |
_aBible. _pNew Testament _xCriticism, interpretation, etc. _93518 |
| 650 | 0 |
_aPowers (Christian theology) _xBiblical teaching. _93519 |
|
| 650 | 0 |
_aGood and evil _xBiblical teaching. _93520 |
|
| 650 | 0 |
_aViolence _xBiblical teaching. _93521 |
|
| 650 | 0 |
_aNonviolence _xBiblical teaching. _93522 |
|
| 800 | 1 |
_aWink, Walter. _tPowers ; _vv. 3. _93523 |
|
| 942 |
_2lcc _cMONOGRAPH |
||
| 999 |
_c118590 _d118590 |
||